000 01739nam0a2200337 4500
001 RU\NLR\bibl\1300177
005 20250615150854.0
010 _a978-5-9950-0026-6
_91000
021 _aRU
_b2008-77243
_94469
035 _a(NLR Aleph) 001285772
090 _a527709
_c527709
100 _a20081129d2008 |||y0rusy50 ca
101 0 _arus
102 _aRU
105 _aa |||||||||
200 1 _aВойна
_eразмышления Маршала Советского Союза
_fВ.Г. Куликов
_g[Губернатор Моск. обл., Правительство Моск. обл., Гл. арх. упр. Моск. обл., Гос. учреждение Моск. обл. "Центр. гос. арх. Моск. обл.", Моск. обл. отд-ние Рос. о-ва историков-архивистов]
210 _aМосква
_cКучково поле
_d2008
215 _a318, [1] с., [18] л. ил., цв. ил., портр.
_d24
320 _aБиблиогр. в Прим.: с. 311-316
601 0 2 _aНевельская отдельная танковая бригада
_c143
_92583378
_3RU\NLR\auth\661527069
606 1 _aВеликая Отечественная война
_z1941 - 1945
_9903571
_3RU\NLR\auth\668893
686 _aЦ35(2)722
700 1 _4070
_7ca
_8rus
_aКуликов
_bВ. Г.
_cвоеначальник
_f1921-2013
_gВиктор Георгиевич
_9237722
_3RU\NLR\AUTH\770237778
801 0 _aRU
_bNLR
_c20081129
_gRCR
801 1 _aRU
_bNLR
_c20081129
830 _aАвт. по кн.
942 _cBOOK
980 _aNB